[Event "Fortaleza Sales Memorial"]
[Site "Fortaleza"]
[Date "2016.05.29"]
[Round "6"]
[White "Mendes, Roger da Fonseca"]
[Black "Albuquerque, Wellington S Jr"]
[Result "0-1"]
[WhiteElo "1835"]
[BlackElo "2128"]
[PlyCount "68"]
[EventDate "2016.05.26"]
[EventType "swiss"]
[EventRounds "6"]
[EventCountry "BRA"]
[SourceTitle "CBM 172 Extra"]
[Source "ChessBase"]
[SourceDate "2016.06.21"]
[SourceVersion "1"]
[SourceVersionDate "2016.06.21"]
[SourceQuality "1"]

1. c4 b6 2. e4 Bb7 3. Nc3 e6 4. g3 Nf6 5. Bg2 Bb4 6. Nge2 0-0 7. 0-0 c5 8. d3 Nc6 9. a3 Bxc3 10. Nxc3 Ne8 11. f4 d6 12. b3 Nd4 13. Ra2 g6 14. Raf2 f5 15. Ne2 Ng7 16. Nxd4 cxd4 17. e5 Bxg2 18. Kxg2 dxe5 19. fxe5 Qc7 20. Re1 Rf7 21. Rf4 Rd8 22. Bb2 Qc6+ 23. Kf2 Rfd7 24. Qa1 Nh5 25. Rxd4 Rxd4 26. Bxd4 Qd7 27. Ke3 f4+ 28. gxf4 Ng7 29. Bc3 Qxd3+ 30. Kf2 Qh3 31. Qc1 Qxh2+ 32. Kf3 Nf5 33. Qb2 Qg3+ 34. Ke4 Qd3# 0-1

[Event "Fortaleza Schoonenborch U2000"]
[Site "Fortaleza"]
[Date "2016.02.13"]
[Round "3"]
[White "Passos Coutinho, Eduardo"]
[Black "Mendes, Roger da Fonseca"]
[Result "1-0"]
[WhiteElo "1779"]
[BlackElo "1731"]
[PlyCount "75"]
[EventDate "2016.02.11"]
[EventType "swiss"]
[EventRounds "6"]
[EventCountry "BRA"]
[SourceTitle "CBM 170 Extra"]
[Source "ChessBase"]
[SourceDate "2016.02.25"]
[SourceVersion "1"]
[SourceVersionDate "2016.02.25"]
[SourceQuality "1"]

1. e4 d5 2. exd5 Qxd5 3. Nc3 Qa5 4. d4 Nf6 5. Bc4 Bf5 6. Bd2 c6 7. Nf3 e6 8. Qe2 Bb4 9. 0-0-0 Nbd7 10. a3 Bxc3 11. Bxc3 Qc7 12. Ne5 Nxe5 13. dxe5 Nd5 14. Bxd5 exd5 15. g4 Bg6 16. f4 Be4 17. Rhg1 0-0-0 18. Qf2 b6 19. e6 fxe6 20. Be5 Qe7 21. h4 Rhf8 22. g5 Rf5 23. Qd4 Rf7 24. Rg3 Qd7 25. b4 Kb7 26. Re3 Bf5 27. a4 Rc8 28. Rc3 Be4 29. Kd2 Qe8 30. a5 Qf8 31. Qe3 c5 32. bxc5 Rxc5 33. axb6 Rxc3 34. Qxc3 axb6 35. Rb1 Qe7 36. Bd4 e5 37. Rxb6+ Ka8 38. Qc8+ 1-0

[Event "Fortaleza Cearense Cup"]
[Site "Fortaleza"]
[Date "2015.12.12"]
[Round "3"]
[White "Mendes, Roger da Fonseca"]
[Black "De Aguiar, Andre Wescley"]
[Result "1-0"]
[WhiteElo "1714"]
[BlackElo "1628"]
[PlyCount "99"]
[EventDate "2015.12.10"]
[EventType "swiss"]
[EventRounds "6"]
[EventCountry "BRA"]
[SourceTitle "EXT 2017"]
[Source "ChessBase"]
[SourceDate "2016.10.25"]
[SourceVersion "1"]
[SourceVersionDate "2016.10.25"]
[SourceQuality "1"]

1. c4 Nf6 2. g3 e6 3. Bg2 c5 4. Nc3 Nc6 5. d3 Be7 6. Nf3 0-0 7. 0-0 d5 8. e3 dxc4 9. dxc4 Qxd1 10. Rxd1 Rb8 11. b3 Rd8 12. Bb2 a6 13. Ng5 Ng4 14. Nge4 Bd7 15. Rd2 b6 16. Rad1 Be8 17. Nd6 Rxd6 18. Rxd6 Bxd6 19. Rxd6 Rd8 20. Rxd8 Nxd8 21. Na4 Bxa4 22. bxa4 f6 23. Bc3 Kf7 24. a5 bxa5 25. Bxa5 Ke8 26. Bb6 Ne5 27. Bxc5 Nxc4 28. Bf1 Nb7 29. Bd4 Nbd6 30. Bd3 e5 31. Bc5 e4 32. Be2 a5 33. f3 Nb7 34. Bd4 Nbd6 35. fxe4 Nd2 36. e5 fxe5 37. Bxe5 N6c4 38. Bd4 g6 39. Kg2 Ke7 40. Kh3 h5 41. g4 hxg4+ 42. Kxg4 Nd6 43. Bc3 N2c4 44. Kf3 Ke6 45. e4 Ne5+ 46. Kf4 Ndc4 47. h4 a4 48. a3 Kd6 49. Bxe5+ Nxe5 50. Bb5 1-0

[Event "Fortaleza Cearense Cup"]
[Site "Fortaleza"]
[Date "2015.12.10"]
[Round "1"]
[White "Mendes, Roger da Fonseca"]
[Black "Palacio, Igor Da Paz"]
[Result "0-1"]
[WhiteElo "1714"]
[BlackElo "2108"]
[PlyCount "122"]
[EventDate "2015.12.10"]
[EventType "swiss"]
[EventRounds "6"]
[EventCountry "BRA"]
[SourceTitle "EXT 2017"]
[Source "ChessBase"]
[SourceDate "2016.10.25"]
[SourceVersion "1"]
[SourceVersionDate "2016.10.25"]
[SourceQuality "1"]

1. c4 Nf6 2. g3 g6 3. Bg2 Bg7 4. Nc3 0-0 5. d3 d6 6. e4 e5 7. Nge2 Nbd7 8. 0-0 c6 9. b4 a5 10. b5 Nc5 11. Rb1 Ne6 12. h3 c5 13. Be3 Nd4 14. Qd2 Bxh3 15. f3 Be6 16. Bh6 Kh8 17. Kf2 Ng8 18. Bxg7+ Kxg7 19. Rh1 Nxe2 20. Kxe2 h6 21. Rh2 Qg5 22. Qxg5 hxg5 23. Rbh1 Nf6 24. g4 Nd7 25. Rh7+ Kf6 26. a4 Rg8 27. Kd2 Rg7 28. Rh8 Rgg8 29. R8h7 Nf8 30. R7h6 Ke7 31. Rh8 Rxh8 32. Rxh8 f6 33. Ke3 Kf7 34. Kd2 Kg7 35. Rh1 b6 36. Ke3 Rb8 37. Kd2 Bf7 38. Ne2 Ne6 39. Rh2 Rf8 40. Nc3 Nf4 41. Ne2 Be6 42. Nxf4 gxf4 43. Bf1 Rh8 44. Rxh8 Kxh8 45. Bh3 Kg7 46. Ke2 Bf7 47. Kf2 Kh6 48. Kg2 Kg5 49. Kh2 Kh4 50. Kg2 Be6 51. Kh2 Kg5 52. Bg2 Bxg4 53. fxg4 Kxg4 54. Bf1 Kf3 55. Kg1 g5 56. Bg2+ Kg3 57. Bf1 f3 58. Kh1 g4 59. Kg1 Kf4 60. Kh2 g3+ 61. Kh3 g2 0-1

[Event "Fortaleza Costa Memorial"]
[Site "Fortaleza"]
[Date "2015.11.29"]
[Round "5"]
[White "Nunes, Moezio Correia"]
[Black "Mendes, Roger da Fonseca"]
[Result "0-1"]
[WhiteElo "1745"]
[BlackElo "1714"]
[PlyCount "78"]
[EventDate "2015.11.26"]
[EventType "swiss"]
[EventRounds "5"]
[EventCountry "BRA"]
[SourceTitle "CBM 169 Extra"]
[Source "ChessBase"]
[SourceDate "2015.12.18"]
[SourceVersion "1"]
[SourceVersionDate "2015.12.18"]
[SourceQuality "1"]

1. e4 d5 2. e5 Nc6 3. Nf3 g6 4. d4 Bg4 5. Be3 Bg7 6. c4 e6 7. Nc3 Nh6 8. h3 Bxf3 9. Qxf3 Nf5 10. cxd5 Nb4 11. Bb5+ Kf8 12. 0-0 a6 13. Ba4 Nxd5 14. Nxd5 Qxd5 15. Qxd5 exd5 16. Rac1 c6 17. Rc3 h5 18. f4 Ng3 19. Re1 Ne4 20. Rcc1 f5 21. Bc2 Ke7 22. Bxe4 fxe4 23. Kf2 h4 24. Rg1 Raf8 25. g4 Bh6 26. g5 Bg7 27. Bd2 Ke6 28. Ke3 Rc8 29. Rg4 Bf8 30. b4 b6 31. a4 c5 32. bxc5 bxc5 33. Rb1 cxd4+ 34. Ke2 d3+ 35. Kd1 Bc5 36. Rg2 e3 37. Bb4 e2+ 38. Rxe2 dxe2+ 39. Kxe2 Rb8 0-1

[Event "Fortaleza Costa Memorial"]
[Site "Fortaleza"]
[Date "2015.11.28"]
[Round "4"]
[White "Aquino, Francisco Jose Alve"]
[Black "Mendes, Roger da Fonseca"]
[Result "0-1"]
[WhiteElo "1770"]
[BlackElo "1714"]
[PlyCount "74"]
[EventDate "2015.11.26"]
[EventType "swiss"]
[EventRounds "5"]
[EventCountry "BRA"]
[SourceTitle "CBM 169 Extra"]
[Source "ChessBase"]
[SourceDate "2015.12.18"]
[SourceVersion "1"]
[SourceVersionDate "2015.12.18"]
[SourceQuality "1"]

1. e4 c5 2. Nf3 e6 3. d4 cxd4 4. Nxd4 a6 5. Nc3 b5 6. a3 Qc7 7. Be3 Nc6 8. Nxc6 dxc6 9. Qd3 Nf6 10. 0-0-0 Ng4 11. Bg5 Be7 12. Bxe7 Qxe7 13. Qf3 e5 14. h3 Nf6 15. Be2 Be6 16. Qg3 a5 17. Qxe5 0-0 18. Qd6 Qb7 19. e5 Nd5 20. Nxd5 cxd5 21. Bf3 Rfd8 22. Qc5 Rac8 23. Qd4 Rc4 24. Qd3 Rdc8 25. Rd2 Qc7 26. Re1 g6 27. Bg4 b4 28. Bxe6 fxe6 29. a4 Qc6 30. Qb3 d4 31. f3 d3 32. Re4 Rxc2+ 33. Rxc2 Qxc2+ 34. Qxc2 Rxc2+ 35. Kb1 b3 36. Re1 Re2 37. Rd1 d2 0-1

[Event "Fortaleza Costa Memorial"]
[Site "Fortaleza"]
[Date "2015.11.26"]
[Round "1"]
[White "Mendes, Roger da Fonseca"]
[Black "Parente, Renan Braz"]
[Result "0-1"]
[WhiteElo "1714"]
[BlackElo "2121"]
[PlyCount "74"]
[EventDate "2015.11.26"]
[EventType "swiss"]
[EventRounds "5"]
[EventCountry "BRA"]
[SourceTitle "CBM 169 Extra"]
[Source "ChessBase"]
[SourceDate "2015.12.18"]
[SourceVersion "1"]
[SourceVersionDate "2015.12.18"]
[SourceQuality "1"]

1. c4 f5 2. g3 Nf6 3. Bg2 d6 4. Nc3 e5 5. d3 Be7 6. Nf3 0-0 7. 0-0 Qe8 8. Nd5 Nxd5 9. cxd5 Nd7 10. Qc2 Bd8 11. Bg5 Bxg5 12. Nxg5 Nc5 13. b4 Na6 14. Rab1 Qe7 15. Nf3 Bd7 16. Nd2 Rac8 17. Qb3 Kh8 18. Rbc1 c5 19. dxc6 Bxc6 20. a3 Bxg2 21. Kxg2 Nc7 22. h3 Qd7 23. Nf3 f4 24. g4 h5 25. Rh1 Nb5 26. Nh4 Nd4 27. Ng6+ Kh7 28. Nxf8+ Rxf8 29. Qd5 Nxe2 30. Rc2 f3+ 31. Kf1 Nd4 32. Rc1 Rc8 33. Rxc8 Qxc8 34. Qe4+ Kh8 35. Kg1 Qc7 36. Qg6 Qc1+ 37. Kh2 Qf4+ 0-1

[Event "Fortaleza zt CE"]
[Site "Fortaleza"]
[Date "2015.05.24"]
[Round "5"]
[White "Mendes, Roger da Fonseca"]
[Black "Nogueira, Jorge da Silva"]
[Result "1-0"]
[WhiteElo "1726"]
[BlackElo "1638"]
[PlyCount "117"]
[EventDate "2015.05.22"]
[EventType "swiss"]
[EventRounds "5"]
[EventCountry "BRA"]
[SourceTitle "CBM 166 Extra"]
[Source "ChessBase"]
[SourceDate "2015.06.18"]
[SourceVersion "1"]
[SourceVersionDate "2015.06.18"]
[SourceQuality "1"]

1. Nf3 d5 2. d4 Nf6 3. Bf4 e6 4. e3 Nbd7 5. Bd3 c5 6. c3 Be7 7. Nbd2 Qb6 8. Rb1 0-0 9. Ne5 Qa5 10. a3 cxd4 11. exd4 Qb6 12. g4 Nxe5 13. dxe5 Nd7 14. b4 Bh4 15. Be3 Qc7 16. g5 g6 17. Nf3 Nxe5 18. Nxh4 Qxc3+ 19. Ke2 Bd7 20. Qb3 Qc8 21. Rbc1 Qd8 22. f4 Nc6 23. Nf3 Re8 24. Ne5 Nxe5 25. fxe5 d4 26. Bf4 Bc6 27. Rhf1 Rc8 28. Rf2 Qd7 29. h4 Ba4 30. Qb1 Rxc1 31. Bxc1 Rc8 32. Bd2 Qd5 33. Bf4 Rc3 34. Bd2 Rxa3 35. Qc1 Qxe5+ 36. Kf1 Rxd3 37. Qc8+ Kg7 38. Qxb7 Be8 39. Qe7 Qb5 40. Kg1 Ra3 41. Bf4 Ra1+ 42. Kh2 Qc6 43. Rg2 Qe4 44. Qf6+ Kf8 45. h5 Qe1 46. Bd6+ Kg8 47. Qxd4 Qh1+ 48. Kg3 Ra2 49. Rxa2 Bc6 50. Qf2 Qd5 51. Be7 gxh5 52. Rd2 Qe5+ 53. Qf4 Qe1+ 54. Qf2 Qe5+ 55. Kh4 Qe4+ 56. Kxh5 Qh1+ 57. Qh2 Qf3+ 58. Kh6 f5 59. Qb8+ 1-0

[Event "Fortaleza zt CE"]
[Site "Fortaleza"]
[Date "2015.05.24"]
[Round "4"]
[White "Santos, Inacio Eduardo Andr"]
[Black "Mendes, Roger da Fonseca"]
[Result "1-0"]
[WhiteElo "1783"]
[BlackElo "1726"]
[PlyCount "101"]
[EventDate "2015.05.22"]
[EventType "swiss"]
[EventRounds "5"]
[EventCountry "BRA"]
[SourceTitle "CBM 166 Extra"]
[Source "ChessBase"]
[SourceDate "2015.06.18"]
[SourceVersion "1"]
[SourceVersionDate "2015.06.18"]
[SourceQuality "1"]

1. e4 c5 2. Nf3 e6 3. d4 cxd4 4. Nxd4 a6 5. Nc3 Qc7 6. a3 Nf6 7. g3 b6 8. Bg2 Bb7 9. 0-0 Be7 10. Be3 0-0 11. Rc1 Rd8 12. f4 d5 13. e5 Ne4 14. Nxe4 dxe4 15. c3 Nd7 16. b4 Bd5 17. Rf2 Qc4 18. Bf1 Qc7 19. c4 Bb7 20. Bh3 Nf8 21. Qb3 Rd7 22. Rcf1 b5 23. c5 Bd5 24. Qb2 Bc4 25. Re1 a5 26. Bf1 axb4 27. axb4 Ra2 28. Qb1 Rxf2 29. Kxf2 Qd8 30. Qxe4 f5 31. exf6 Bxf6 32. Nc6 Bd5 33. Qxd5 Rxd5 34. Nxd8 Rxd8 35. Bh3 Ra8 36. Bd2 Ra2 37. Ke3 Ra3+ 38. Ke2 Ra2 39. Kd3 Kf7 40. c6 Ra3+ 41. Kc2 Bd4 42. c7 Ra8 43. Kd3 Bb6 44. f5 Ra3+ 45. Ke4 exf5+ 46. Bxf5 Bxc7 47. Kd5 g6 48. Be4 Ra2 49. Re2 Ne6 50. Bd3 Bf4 51. gxf4 1-0

[Event "Fortaleza zt CE"]
[Site "Fortaleza"]
[Date "2015.05.23"]
[Round "2"]
[White "Farias, Luiz Jadir Pinto"]
[Black "Mendes, Roger da Fonseca"]
[Result "1/2-1/2"]
[WhiteElo "1456"]
[BlackElo "1726"]
[PlyCount "69"]
[EventDate "2015.05.22"]
[EventType "swiss"]
[EventRounds "5"]
[EventCountry "BRA"]
[SourceTitle "CBM 166 Extra"]
[Source "ChessBase"]
[SourceDate "2015.06.18"]
[SourceVersion "1"]
[SourceVersionDate "2015.06.18"]
[SourceQuality "1"]

1. Nf3 d5 2. c4 e6 3. g3 Nf6 4. Bg2 Nbd7 5. 0-0 c6 6. b3 Nb6 7. d3 a5 8. Bb2 g6 9. Nbd2 Bg7 10. Ne5 0-0 11. Ndf3 Ng4 12. Qc2 Nxe5 13. Bxe5 f6 14. Bb2 a4 15. c5 Nd7 16. d4 a3 17. Bc3 e5 18. e4 dxe4 19. Qxe4 f5 20. Qc2 e4 21. Ne5 Nf6 22. Rad1 Nd5 23. Ba1 Be6 24. Nc4 Nb4 25. Qd2 Nd3 26. Nd6 Qe7 27. f3 Bd5 28. fxe4 fxe4 29. Bxe4 Bxe4 30. Nxe4 Rxf1+ 31. Kxf1 Rf8+ 32. Kg1 Qxe4 33. Qxd3 Qd5 34. Qc4 Re8 35. Qxd5+ 1/2-1/2

[Event "Cearense-ch 52th"]
[Site "Fortaleza"]
[Date "2010.10.24"]
[Round "6.9"]
[White "Correia, Aristoteles de Jesu"]
[Black "Mendes, Roger da Fonseca"]
[Result "0-1"]
[WhiteElo "1834"]
[BlackElo "1832"]
[PlyCount "114"]
[EventDate "2010.10.21"]
[EventType "swiss"]
[EventRounds "6"]
[EventCountry "BRA"]
[SourceTitle "EXT 2022"]
[Source "ChessBase"]
[SourceDate "2021.10.06"]
[SourceVersion "1"]
[SourceVersionDate "2021.10.06"]
[SourceQuality "1"]

1. e4 c5 2. Nf3 d6 3. d4 cxd4 4. Nxd4 Nf6 5. Nc3 g6 6. Be2 Bg7 7. 0-0 0-0 8. Be3 a6 9. a4 Nc6 10. f4 Qb6 11. Rb1 Nxe4 12. Nd5 Qd8 13. Nf3 Bg4 14. b4 e6 15. Nb6 Nc3 16. Qe1 Nxe2+ 17. Qxe2 Nd4 18. Qf2 Nxf3+ 19. gxf3 Bh3 20. Rfd1 Rb8 21. Bc5 d5 22. Bxf8 Bxf8 23. c4 Qc7 24. cxd5 Qxf4 25. Nd7 Rd8 26. Nxf8 Kxf8 27. dxe6 Rxd1+ 28. Rxd1 Bxe6 29. Qd4 Qxd4+ 30. Rxd4 Ke7 31. Kf2 Bd7 32. a5 Bc6 33. f4 Kf6 34. Kg3 Kf5 35. Rd1 Ke4 36. Kg4 h5+ 37. Kg5 Kf3 38. Rd8 Kg2 39. h4 Kf3 40. f5 gxf5 41. Kxf5 Be4+ 42. Kg5 f5 43. Rf8 Kg3 44. Rf7 Bd3 45. Rxb7 f4 46. Rd7 Be2 47. Rf7 f3 48. Kxh5 f2+ 49. Kg5 Bf3 50. h5 f1Q 51. h6 Qc1+ 52. Kg6 Be4+ 53. Kg7 Qg5+ 54. Kf8 Qxh6+ 55. Ke7 Qg5+ 56. Kf8 Qd8+ 57. Kg7 Qd4+ 0-1

[Event "Cearense-ch 52th"]
[Site "Fortaleza"]
[Date "2010.10.23"]
[Round "3.4"]
[White "De Oliveira, Guibson Martins"]
[Black "Mendes, Roger da Fonseca"]
[Result "1-0"]
[WhiteElo "1833"]
[BlackElo "1832"]
[PlyCount "51"]
[EventDate "2010.10.21"]
[EventType "swiss"]
[EventRounds "6"]
[EventCountry "BRA"]
[SourceTitle "EXT 2022"]
[Source "ChessBase"]
[SourceDate "2021.10.06"]
[SourceVersion "1"]
[SourceVersionDate "2021.10.06"]
[SourceQuality "1"]

1. e4 c5 2. d4 cxd4 3. c3 dxc3 4. Nxc3 g6 5. Nf3 Bg7 6. Bc4 Qc7 7. Qb3 e6 8. Nb5 Qc6 9. 0-0 a6 10. Nc3 b5 11. Bd3 Bxc3 12. bxc3 d6 13. c4 bxc4 14. Bxc4 h6 15. Bb2 Rh7 16. Rac1 Qb7 17. Qc2 Nc6 18. Ba3 Na5 19. Qa4+ Nc6 20. Bxd6 Bd7 21. Rb1 Qa7 22. Qa3 Nb8 23. Rfd1 Nf6 24. Ne5 Nc6 25. Bf8 Rc8 26. Rxd7 1-0